000 00715nam a2200253Ia 4500
003 OSt
005 20221005075905.0
006 a|||||r|||| 00| 0
007 ta
008 221004b |||||||| |||| 00| 0 eng d
020 _a8122414559
024 _a76536
037 _cTextual
040 _aCRL
_cCRL
_beng
041 _2eng
_aeng
082 _aCxN06x, P3
100 _aKothari D. S.
_9240187
245 0 _aKnowledge and wisdom
_b Collection of lectures and addresses delivered
260 _aNew Delhi
_bNew Age International (P) Limited Publishers India
_c2003
300 _a349p.
_ccm.
650 _aPHYSICS
942 _hCxN06x, P3
_cTEXL
_2cc
999 _c985361
_d985361